000 01062cam a2200217 4500
001 ##L133862
008 060613n2005 000 0 eng u
035 _a(Sirsi) u133862
041 0 _aeng
050 0 4 _a333.0062 $2 18
110 2 _aRoyal Institution of Chartered Surveyors
_94900
245 0 0 _a2005 annual review and financial statements
260 _aLondon
_bRICS
_c2005
300 _a25p.
_c30cm.
490 0 _aRICS Annual Report
490 0 _aRICS Financial Statements
520 _aIncludes an overview written by President and Chief Executive. Lists members of governing council, officers, strategy and resources board, remuneration sub-group, senior staff, audit committee and professional advisors. Includes honorary treasurers report, strategy and resources board report and independent report of professional auditors. Lists other UK non-trading companies owned by RICS. Financial statements include a five year summary.
650 2 4 _aRICS ANNUAL REVIEW AND FINANCIAL STATEMENTS
690 _aABOUT RICS-RICS ANNUAL REPORT
942 _n0
999 _c105489
_d105489